| 000 | 00636nam a22001937a 4500 | ||
|---|---|---|---|
| 005 | 20251108173443.0 | ||
| 008 | 250721s2007 xx 000 0 ara d | ||
| 082 | 1 | 4 | _a616.97/محم |
| 100 | 1 | _aمحمود، عبد الحكيم | |
| 245 | 1 | 0 | _aالحساسية و الأنفلونزا كيف تتجنب متاعب صدرك ؟ / |
| 264 | 1 |
_aالقاهرة : _bمؤسسة دار الهللال، _c2007. |
|
| 300 | _a170 ص | ||
| 650 | 1 | 7 | _aالأمراض الصدرية |
| 650 | 1 | 7 | _aالحساسية (مرض) |
| 650 | 1 | 7 | _aالأنفلونزا |
| 650 | 1 | 7 | _aالمعالجة الطبية |
| 942 |
_2ddc _cBK |
||
| 999 |
_c104256 _d104256 |
||